ARRUPE JESUIT UNIVERSITY

CORONAVIRUS -STOP THE SPREAD - CLEAN,DISINFECT,COVER

Musha : (Record no. 126617)

MARC details
000 -LEADER
fixed length control field 01022cam a2200277 a 4500
001 - CONTROL NUMBER
control field 1414575
003 - CONTROL NUMBER IDENTIFIER
control field ARRUPE
005 - DATE AND TIME OF LATEST TRANSACTION
control field 20170809143053.0
008 - FIXED-LENGTH DATA ELEMENTS--GENERAL INFORMATION
fixed length control field 830714r19821981rh a b 000 0 eng
010 ## - LIBRARY OF CONGRESS CONTROL NUMBER
LC control number 83172624
020 ## - INTERNATIONAL STANDARD BOOK NUMBER
International Standard Book Number 0949932191 (unb.) :
Terms of availability $1.00
040 ## - CATALOGING SOURCE
Original cataloging agency DLC
Transcribing agency DLC
Modifying agency DLC
-- OCoLC
043 ## - GEOGRAPHIC AREA CODE
Geographic area code f-rh---
050 00 - LIBRARY OF CONGRESS CALL NUMBER
Classification number DT962.42
Item number .D8 1982
082 00 - DEWEY DECIMAL CLASSIFICATION NUMBER
Classification number 728.3/73/089963
Edition number 19
300 ## - PHYSICAL DESCRIPTION
Other physical details ill. ;
Dimensions 30 cm.
100 1# - MAIN ENTRY--PERSONAL NAME
Personal name Du Toit, Friedrich.
9 (RLIN) 34682
245 10 - TITLE STATEMENT
Title Musha :
Remainder of title the Shona concept of home /
Statement of responsibility, etc Friedrich du Toit.
260 ## - PUBLICATION, DISTRIBUTION, ETC. (IMPRINT)
Place of publication, distribution, etc Harare, Zimbabwe :
Name of publisher, distributor, etc Zimbabwe Pub. House,
Date of publication, distribution, etc 1982, c1981
300 ## - PHYSICAL DESCRIPTION
Extent 15 p. :
440 #0 - SERIES STATEMENT/ADDED ENTRY--TITLE
Title Aspects of Zimbabwe architecture ;
Volume number/sequential designation no. 1
9 (RLIN) 34683
500 ## - GENERAL NOTE
General note "First published October 1981 in ZED--Zimbawe environment & design"--P. [2]
504 ## - BIBLIOGRAPHY, ETC. NOTE
Bibliography, etc Includes bibliographical references.
650 #0 - SUBJECT ADDED ENTRY--TOPICAL TERM
Topical term or geographic name as entry element Shona (African people)
General subdivision Dwellings.
9 (RLIN) 34684
650 #0 - SUBJECT ADDED ENTRY--TOPICAL TERM
Topical term or geographic name as entry element Social life and customs
Geographic subdivision Zimbabwe.
9 (RLIN) 23112
906 ## - LOCAL DATA ELEMENT F, LDF (RLIN)
a 7
b cbc
c orignew
d 3
e ncip
f 19
g y-gencatlg
942 ## - ADDED ENTRY ELEMENTS (KOHA)
Source of classification or shelving scheme Library of Congress Classification
Koha item type Monograph ( Printed materials)
Holdings
Withdrawn status Lost status Source of classification or shelving scheme Damaged status Not for loan Collection code Home library Current library Shelving location Date acquired Total Checkouts Full call number Barcode Date last seen Price effective from Koha item type
    Library of Congress Classification     Main Collection ARRUPE LIBRARY ARRUPE LIBRARY Main Collection 09/08/2017   DT2913.S55 D812 46500024902 09/08/2017 09/08/2017 Monograph ( Printed materials)

 

Arrupe Library. PO Box MP320 Mt Pleasant, Harare, Zimbabwe
263 242 745411|librarian@aju.ac.zw